De l'amour selon les lois primordiales et selon les convenances des societés modernes / (Record no. 143269)

MARC details
000 -LEADER
campo de control de longitud fija 00591nam a2200169 4500
001 - NÚMERO DE CONTROL
campo de control 143269
003 - IDENTIFICADOR DE NÚMERO DE CONTROL
campo de control ES-MaACL
005 - FECHA Y HORA DE LA ÚLTIMA TRANSACCIÓN
campo de control 20230906200751.0
007 - CAMPO FIJO DE DESCRIPCIÓN FÍSICA--INFORMACIÓN GENERAL
campo de control de longitud fija t|
008 - DATOS DE LONGITUD FIJA--INFORMACIÓN GENERAL
campo de control de longitud fija 070214s1911 fr r ||||1| fre d
100 1# - ENTRADA PRINCIPAL--NOMBRE DE PERSONA
Nombre de persona Senancour, Etienne de.
9 (RLIN) 105436
245 10 - MENCIÓN DEL TÍTULO
Título De l'amour selon les lois primordiales et selon les convenances des societés modernes /
Mención de responsabilidad, etc. Etienne de Sénancour ; avec avertissement de l'editeur C. A. V. de Boisjoslin.
260 ## - PUBLICACIÓN, DISTRIBUCIÓN, ETC.
Lugar de publicación, distribución, etc. Paris :
Nombre del editor, distribuidor, etc. Chartres,
Fecha de publicación, distribución, etc. 1911.
300 ## - DESCRIPCIÓN FÍSICA
Extensión X, 414 p. ;
Dimensiones 15 cm.
700 1# - ENTRADA AGREGADA--NOMBRE PERSONAL
Nombre de persona Boisjoslin, C. A. V. de.
9 (RLIN) 29861
852 ## - LOCALIZACIÓN
Ubicación ES-MaACL
Número de control de estantería G-13377
Holdings
Estatus retirado Estado de pérdida Estado de daño No para préstamo Biblioteca de origen Biblioteca actual Ubicación en estantería Fecha de adquisición Fuente de adquisición Total de préstamos Signatura topográfica completa Código de barras Visto por última vez Precio de reemplazo Tipo de ítem Koha
        Biblioteca del Ateneo de Madrid Biblioteca del Ateneo de Madrid Sala Pecera Planta 3 17/01/2008     G-13377 1149063 23/02/2023 23/02/2023 Libro impreso